000 00795nam a2200241 4500
001 13586
003 ES-MaACL
005 20231227144943.0
007 t|
008 000000s19860000sp a ||||0| spa d
020 _a84-398-7302-6
080 _a860-252.5"19"
245 0 0 _aA Enrique Tierno Galván /
_csus amigos.
260 _aMadrid :
_b[Pilar Enciso?,
_c1986]
300 _a48 p. :
_bil. ;
_c17 cm.
505 8 _aContiene: Don Especulón: (farsita para muñecos y algo más) / original de Lauro Olmo
597 _aEjemplar numerado, n. 148
700 1 _aTierno Galván, Enrique,
_d1918-1986
_9110235
700 1 _aOlmo, Lauro,
_d1922-1994
_986974
740 0 2 _aDon Especulón: (farsita para muñecos y algo más)
852 4 _aES-MaACL
_jL-21001
999 _c13586
_d13586